Mod-01 Lec-21. Rubber Products (Contd.)

Furkejuvvon:
Bibliográfalaš dieđut
Eará dahkkit: Canal nptelhrd / YouTube
Materiálatiipa: Girji
Giella:eaŋgalasgiella
Fáttát:
Liŋkkat:Mod-01 Lec-21. Rubber Products (Contd.)
Fáddágilkorat: Lasit fáddágilkoriid
Eai fáddágilkorat, Lasit vuosttaš fáddágilkora!

MARC

LEADER 00000nam a22000004a 4500
001 vpro8952
005 20201223000000.0
008 150808s2015 ck # g## #001 0#eng#d
020
022
040 |a CO-BoINGC 
041 0 |a eng 
245 1 0 |a Mod-01 Lec-21. Rubber Products (Contd.) 
246 |a Md̤ulo 01, leccin̤ 21. Productos de caucho (continuacin̤) 
264 |a Bogot ̀(Colombia) :  |b Revista VirtualPRO,  |c 2015 
520 3
650 \ \ |a Industria del caucho 
650 \ \ |a Sector industrial 
650 \ \ |a caucho industry 
650 \ \ |a Industrial sector 
650 \ \ |a industria del caucho 
650 \ \ |a rubber industry  
700 \ \ |a Canal nptelhrd / YouTube 
856 |z Mod-01 Lec-21. Rubber Products (Contd.)  |u https://virtualpro.unach.elogim.com/biblioteca/modulo-01-leccion-21-productos-de-caucho-continuacion-